| 000 | 00493nam a2200169Ia 4500 | ||
|---|---|---|---|
| 008 | 090201s9999 xx 000 0 und d | ||
| 010 | _aKPL-30373 | ||
| 040 | _bमराठी | ||
| 041 | _aमराठी | ||
| 082 |
_a27679 _b30373 |
||
| 100 | _aचिंतामणी लागू | ||
| 245 |
_aव्हीनस _cचिंतामणी लागू |
||
| 260 |
_c2004 _b124गावठाण |
||
| 300 |
_a178 _bमोठा |
||
| 600 | _aव्हीनस | ||
| 942 | _cBOOK | ||
| 999 |
_c226505 _d226505 |
||